01309nam a22003737a 4500003000400000005001700004008004100021040002200062082001800084100002900102245008700131260002900218300001900247366000800266490002400274505002000298505002100318505002500339505001800364505001800382505001800400505001500418505001700433505008300450505006500533505001700598650004100615650004400656650005500700650004800755650004300803650004500846651004400891OSt20230519094849.0221006b |||||||| |||| 00| 0 eng d cBiblioteca Lado V a701.18bA658t aAraeen, Rasheedeeditora aThird Text/bCriticalPerspectives on Contemporary Art & Culture | A New Beginning/ bRoutledgec2000aLondres c19x25cma112p. eeng a52v2000x0952-8822 aStephen Gregory aRustom Bharrucha aElizabeth Hutchinson aStephen Horne aAnnie Coombes aMichael Wayne aAna Teresa aRafeeq Hasan aForumgIan Chamber Ian McLean Vijay Devadas and Brett Nicholls David Craven aReviewsgJulian Stallabrass Mario Pissarra Virginia Whiles aContributors 2Tesauro de Arte & ArquitecturaaARTE 2Tesauro de Arte & ArquitecturaaCRITICA 2Tesauro de Arte & ArquitecturaaARTE CONTEMPORANEO 2Tesauro de Arte & ArquitecturaaAPRECIACION 2Tesauro de Arte & ArquitecturaaTEORIA 2Tesauro de Arte & ArquitecturaaANALISIS 2Tesauro de Arte & ArquitecturaaLONDRES